000 03481cam a22012854i 4500
003 PE-LiUPU
005 20250813185408.0
008 171024s2017 ag a rb 000 0 spa d
020 _a9789875385245
035 _a(Sirsi) a239864
040 _aPE-LiUPU
_bspa
_cPE-LiUPU
_erda
049 _aPRUA
082 0 4 _a371.9
_bL54
_220
100 1 _aLevin, Esteban,
_eautor.
245 1 0 _aDisccapacidad: clínica y educación :
_bLos niños del otro espejo /
_cEsteban Levin.
250 _a1° edición.
264 1 _aBuenos Aires - Argentina :
_bNoveduc,
_c2017.
300 _a251 páginas :
_bilustraciones ;
_c23 centímetros.
336 _atext
_2rdacontent
337 _aunmediated
_2rdamedia
338 _avolume
_2rdacarrier
490 0 _aColección conjunciones ;
_v41
504 _aBibliografía : páginas 249-251.
505 0 _aLa infancia del otro cuerpo -- El sufrimiento inmutable de Darío -- Acontecimiento, desarrollo e infancia -- El niño y lo otro -- La otra niñez: los sueños y el tiempo -- Pedro no hace nada. Alberto es un Asperger ¿Dóne está el sujeto? -- La imagen del cuerpo en la psicosis y el autismo infantil. Carla en el disturbio global del desarrollo -- Diagnóstico diferencial de las estereotipias. Martín se paraliza -- La epopeya de un niño discapacitado -- Los niños de la otra escolaridad.
526 _aP202
526 _aP201
526 _aP163
526 _aP162
526 _aP161
526 _aP160
526 _aP148
526 _aP147
526 _aP146
526 _aP145
526 _aP144
526 _aP143
526 _aP142
526 _aP141
526 _aP140
526 _aP139
526 _aP138
526 _aP137
526 _aP136
526 _aP135
526 _aP134
526 _aP133
526 _aP129
526 _aP128
526 _aP127
526 _aP120
526 _aP119
526 _aP118
526 _aP116
526 _aP115
526 _aP114
526 _aP110
526 _aP109
526 _aP108
526 _aP104
526 _aP103
526 _aP102
526 _aP99
526 _aP98
526 _aP97
526 _aP96
526 _aP95
526 _aP93
526 _aP90
526 _aP89
526 _aP88
526 _aP83
526 _aP82
526 _aP62
526 _aP59
526 _aP58
526 _aP57
526 _aP51
526 _aP49
526 _aP48
526 _aP47
526 _aP29
526 _aP24
526 _aP20
526 _aP19
526 _aP17
526 _aP15
526 _aP14
526 _aP12
526 _aP10
526 _aP09
526 _aP08
526 _aP07
526 _aP06
526 _aP05
526 _aP04
526 _aP01
526 8 _iPrograma academico :
_5PE-LiUPU
541 _g0001-0042199
650 0 4 _aDiscapacidad.
650 0 4 _aPsicología clínica.
_91930
650 0 4 _aEducación.
650 0 4 _aDisability.
650 0 4 _aClinical psychology.
650 0 4 _aEducation.
910 _adbm
_bncf
_cncf
_d20171024
942 _2ddc
_cBOOK
994 _aC0
_bPEPRU
596 _a1
999 _a371.9 L54
_wDEWEY
_c25531
_i76823
_d25531
_e2018-8-29
_f2021-11-3
_g4
_lCCODEBUL1
_mBUL
_n1
_p25.63
_q4
_r0
_sY
_tBOOK
_u2017-10-24
_xSALUD
_PP33
_0COMPRA
_o.STAFF. Colección Ciencias de la Salud
980 _81
_gALBERTO SANCHEZ Responsable de Automatización